Business law: (Record no. 490)
[ view plain ]
| 000 -LEADER | |
|---|---|
| fixed length control field | 00456nam a22001697a 4500 |
| 003 - CONTROL NUMBER IDENTIFIER | |
| control field | BD-DhUIB |
| 005 - DATE AND TIME OF LATEST TRANSACTION | |
| control field | 20251009190605.0 |
| 008 - FIXED-LENGTH DATA ELEMENTS--GENERAL INFORMATION | |
| fixed length control field | 251009b |||||||| |||| 00| 0 eng d |
| 040 ## - CATALOGING SOURCE | |
| Original cataloging agency | BD-DhUIB |
| Transcribing agency | BD-DhUIB |
| 082 ## - DEWEY DECIMAL CLASSIFICATION NUMBER | |
| Edition number | 22 |
| 100 ## - MAIN ENTRY--PERSONAL NAME | |
| Personal name | Jane P. Mallor. |
| 9 (RLIN) | 958 |
| 245 ## - TITLE STATEMENT | |
| Title | Business law: |
| Remainder of title | the ethical environment/ |
| Statement of responsibility, etc. | by Mallor Jane P. |
| 260 ## - PUBLICATION, DISTRIBUTION, ETC. | |
| Place of publication, distribution, etc. | USA. |
| Name of publisher, distributor, etc. | Macgrow hill, |
| Date of publication, distribution, etc. | c2004. |
| 300 ## - PHYSICAL DESCRIPTION | |
| Extent | xxxii, 1260p. : |
| Other physical details | illus; |
| Dimensions | 24cm. |
| 526 ## - STUDY PROGRAM INFORMATION NOTE | |
| Program name | BBA |
| 942 ## - ADDED ENTRY ELEMENTS (KOHA) | |
| Source of classification or shelving scheme | Dewey Decimal Classification |
| Koha item type | Books |
| Withdrawn status | Lost status | Source of classification or shelving scheme | Damaged status | Not for loan | Collection code | Home library | Current library | Shelving location | Date acquired | Source of acquisition | Total Checkouts | Total Renewals | Barcode | Date due | Date last seen | Date last checked out | Copy number | Price effective from | Koha item type |
|---|---|---|---|---|---|---|---|---|---|---|---|---|---|---|---|---|---|---|---|
| Dewey Decimal Classification | Non-fiction | IBA Library | IBA Library | General Stacks | 11/26/2008 | Purchase | 1 | 2 | 00049609 | 03/03/2026 | 10/09/2025 | 10/09/2025 | 01 | 10/09/2025 | Books |
